| 000 | 00630nam a2200181 i 4500 | ||
|---|---|---|---|
| 001 | 182814 | ||
| 003 | ES-MaACL | ||
| 005 | 20230906221722.0 | ||
| 008 | 131106s1983 sp |||| | spa d | ||
| 100 | 0 |
_aGómez-Tabanera, José Manuel, _d1926-2011 _958165 |
|
| 245 | 1 | 0 |
_aSobre contacto y cambio cultural en el mundo ibérico a la luz de la antropología / _cpor José M. Gómez-Tabanera. |
| 260 |
_aZaragoza : _b[s.n.], _c1983. |
||
| 300 |
_aP.625-638 : _bil. ; _c24 cm. |
||
| 595 | _aSeparata de: XVI Congreso Nacional de Arqueología. | ||
| 650 |
_aIberos. _913518 |
||
| 852 |
_aES-MaACL _j2329-F-26 |
||
| 999 |
_c182814 _d182814 |
||